header

Physiology of sport and exercise / (Record no. 265917)

MARC details
000 -LEADER
fixed length control field 02526cam a2200481 a 4500
001 - CONTROL NUMBER
control field 16931552
003 - CONTROL NUMBER IDENTIFIER
control field OSt
005 - DATE AND TIME OF LATEST TRANSACTION
control field 20260218071228.0
008 - FIXED-LENGTH DATA ELEMENTS--GENERAL INFORMATION
fixed length control field 110819s2012 ilua b 001 0 eng
010 ## - LIBRARY OF CONGRESS CONTROL NUMBER
LC control number 2011035158
020 ## - INTERNATIONAL STANDARD BOOK NUMBER
International Standard Book Number 9780736094092
Qualifying information print
International Standard Book Number 0736094091
Qualifying information print
035 ## - SYSTEM CONTROL NUMBER
System control number 16931552
System control number (DNLM)101567332
040 ## - CATALOGING SOURCE
Original cataloging agency DNLM/DLC
Transcribing agency DLC
Modifying agency DLC
042 ## - AUTHENTICATION CODE
Authentication code pcc
050 00 - LIBRARY OF CONGRESS CALL NUMBER
Classification number QP301
Item number .W6749 2012
060 10 - NATIONAL LIBRARY OF MEDICINE CALL NUMBER
Classification number QT 260
082 00 - DEWEY DECIMAL CLASSIFICATION NUMBER
Classification number 612/.044
Edition number 23
100 1# - MAIN ENTRY--PERSONAL NAME
Personal name Kenney, W. Larry.
245 10 - TITLE STATEMENT
Title Physiology of sport and exercise /
Statement of responsibility, etc W. Larry Kenney, Jack H. Wilmore, David L. Costill.
250 ## - EDITION STATEMENT
Edition statement 5th ed.
260 ## - PUBLICATION, DISTRIBUTION, ETC. (IMPRINT)
Place of publication, distribution, etc Champaign, IL :
Name of publisher, distributor, etc Human Kinetics,
Date of publication, distribution, etc c2012.
300 ## - PHYSICAL DESCRIPTION
Extent xvii, 621 p. :
Other physical details col. ill. ;
Dimensions 29 cm.
336 ## - CONTENT TYPE
Content type term text
Content type code txt
Source rdacontent
337 ## - MEDIA TYPE
Media type term unmediated
Media type code n
Source rdamedia
338 ## - CARRIER TYPE
Carrier type term volume
Carrier type code nc
Source rdacarrier
500 ## - GENERAL NOTE
General note Rev. ed. of: Physiology of sport and exercise / Jack H. Wilmore, David L. Costill, W. Larry Kenney.
504 ## - BIBLIOGRAPHY, ETC. NOTE
Bibliography, etc Includes bibliographical references (pages 591-607) and index.
505 0# - FORMATTED CONTENTS NOTE
Formatted contents note Structure and function of exercising muscle -- Fuel for exercise: bioenergetics and muscle metabolism substrates -- Neural control of exercising muscle -- Hormonal control during exercise -- Energy expenditure and fatigue -- The cardiovascular system and its control -- The respiratory system and its regulation -- Cardiorespiratory responses to acute exercise -- Principles of exercise training -- Adaptations to resistance training -- Adaptations to aerobic and anaerobic training -- Exercise in hot and cold environments -- Exercise at altitude -- Training for sport -- Body composition and nutrition for sport -- Ergogenic aids and sport -- Children and adolescents in sport and exercise -- Aging in sport and exercise -- Sex differences in sport and exercise -- Prescription of exercise for health and fitness -- Cardiovascular disease and physical activity -- Obesity, diabetes, and physical activity.
650 #0 - SUBJECT ADDED ENTRY--TOPICAL TERM
Topical term or geographic name as entry element Exercise
General subdivision Physiological aspects.
Topical term or geographic name as entry element Sports
General subdivision Physiological aspects.
Topical term or geographic name as entry element Exercise
General subdivision physiology.
Topical term or geographic name as entry element Sports
General subdivision physiology.
Topical term or geographic name as entry element Physical Endurance.
Topical term or geographic name as entry element Physical Fitness.
700 1# - ADDED ENTRY--PERSONAL NAME
Personal name Wilmore, Jack H.,
Dates associated with a name 1938-2014.
Personal name Costill, David L.
Personal name Wilmore, Jack H.,
Dates associated with a name 1938-2014.
Title of a work Physiology of sport and exercise.
906 ## - LOCAL DATA ELEMENT F, LDF (RLIN)
a 7
b cbc
c orignew
d 1
e ecip
f 20
g y-gencatlg
942 ## - ADDED ENTRY ELEMENTS (KOHA)
Source of classification or shelving scheme Library of Congress Classification
Koha item type Long Loan Books
Holdings
Withdrawn status Lost status Source of classification or shelving scheme Damaged status Not for loan Collection code Home library Current library Shelving location Date acquired Source of acquisition Total Checkouts Full call number Barcode Date last seen Price effective from Koha item type
    Library of Congress Classification     Non-fiction Rongo University Library Rongo University Library General Stacks 18/02/2026 Books for Africa, Donation   QP301 .W6749 2012 20261454 18/02/2026 18/02/2026 Long Loan Books

© 2026 Rongo University
Contact us: librarian | system librarian | Rongo university